Real decreto y reglamento aprobado por Su Magestad para las postas del reino.
Descripción Física:
28 p. ; 21 cm
Materias:
Correus
MARC
| LEADER | 00000nam a2200000Ia 4500 | ||
|---|---|---|---|
| 001 | 17977 | ||
| 008 | 160829s1844 xx 000 0 cat d | ||
| 080 | |a RF-2-26 | ||
| 100 | |a Espanya. Lleis, etc. |9 23269 | ||
| 245 | |a Real decreto y reglamento aprobado por Su Magestad para las postas del reino. | ||
| 260 | |a Madrid : |b Imprenta nacional, |c 1844 | ||
| 300 | |a 28 p. ; |c 21 cm | ||
| 590 | |a Prové de 778, exp. 3 | ||
| 650 | |a Correus |9 48769 | ||
| 856 | 4 | |u https://media.diba.cat/diba/fitxers/arxiu/fulletons/bib_17977_1844_baixa.pdf |y Accés lliure | |
| 856 | 4 | |u https://media.diba.cat/diba/fitxers/arxiu/fulletons/bib_17977_1844_baixa.pdf |y Accés lliure | |
| 901 | |a Arxiu | ||
| 942 | |n 1 |2 udc | ||
| 952 | |0 0 |1 0 |4 0 |6 RF226 |7 1 |9 54842 |a Arxiu |b Arxiu |d 2016-12-01 |l 0 |o RF-2-26 |p 17977 |r 2016-12-01 00:00:00 |w 2016-12-01 |y ARXIU | ||
| 999 | |c 58712 |d 58712 | ||
| 900 | |a bib_17977_1844_baixa.pdf | ||